Literature of Greece and Rome. (Record no. 471)
[ view plain ]
| 000 -LEADER | |
|---|---|
| fixed length control field | 00602nam a22002417a 4500 |
| 005 - DATE AND TIME OF LATEST TRANSACTION | |
| control field | 20140527082636.0 |
| 008 - FIXED-LENGTH DATA ELEMENTS--GENERAL INFORMATION | |
| fixed length control field | 980902s1999 ilu d 001 0 eng |
| 020 ## - INTERNATIONAL STANDARD BOOK NUMBER | |
| International Standard Book Number | 0844211923 |
| 024 #0 - OTHER STANDARD IDENTIFIER | |
| Terms of availability | eng |
| 080 ## - UNIVERSAL DECIMAL CLASSIFICATION NUMBER | |
| Universal Decimal Classification number | 87 |
| Common auxiliary subdivision | (495)(45) |
| 245 10 - TITLE STATEMENT | |
| Title | Literature of Greece and Rome. |
| 250 ## - | |
| -- | 1 st.ed.: |
| 260 ## - | |
| -- | Lincolnwood, Ill. : |
| -- | National Textbook Co., |
| -- | 1999. |
| 300 ## - | |
| -- | 303 f. ; |
| -- | 23 cm. |
| 440 #0 - | |
| -- | Traditions in world literature |
| 500 ## - | |
| -- | Includes index. |
| 650 #0 - | |
| -- | Letërsia |
| 650 #1 - | |
| -- | Greqia |
| 650 #1 - | |
| -- | Italia |
| 651 #0 - | |
| -- | Greece |
| 651 #0 - | |
| -- | Rome |
| 942 ## - ADDED ENTRY ELEMENTS (KOHA) | |
| Source of classification or shelving scheme | |
| Item type | Books |
| Withdrawn status | Lost status | Source of classification or shelving scheme | Damaged status | Not for loan | Collection code | Permanent location | Current location | Shelving location | Date acquired | Total Checkouts | Full call number | Barcode | Date last seen | Koha item type |
|---|---|---|---|---|---|---|---|---|---|---|---|---|---|---|
| Koleksioni i përgjithshem | UBT - Ferizaj | UBT - Ferizaj | Koleksioni i përgjithshem | 05/27/2014 | 87(495)(45) GRE | 003000536 | 05/27/2014 | Books | ||||||
| Koleksioni i përgjithshem | UBT - Ferizaj | UBT - Ferizaj | Koleksioni i përgjithshem | 05/27/2014 | 87(495)(45) GRE | 003000537 | 05/27/2014 | Books | ||||||
| Koleksioni i përgjithshem | UBT - Ferizaj | UBT - Ferizaj | Koleksioni i përgjithshem | 05/27/2014 | 87(495)(45) GRE | 003000538 | 05/27/2014 | Books | ||||||
| Koleksioni i përgjithshem | UBT - Ferizaj | UBT - Ferizaj | Koleksioni i përgjithshem | 05/27/2014 | 87(495)(45) GRE | 003000539 | 05/27/2014 | Books | ||||||
| Koleksioni i përgjithshem | UBT - Ferizaj | UBT - Ferizaj | Koleksioni i përgjithshem | 05/27/2014 | 87(495)(45) GRE | 003000540 | 05/27/2014 | Books | ||||||
| Koleksioni i përgjithshem | UBT - Ferizaj | UBT - Ferizaj | Koleksioni i përgjithshem | 05/27/2014 | 87(495)(45) GRE | 003000541 | 05/27/2014 | Books | ||||||
| Koleksioni i përgjithshem | UBT - Ferizaj | UBT - Ferizaj | Koleksioni i përgjithshem | 05/27/2014 | 87(495)(45) GRE | 003000542 | 05/27/2014 | Books | ||||||
| Koleksioni i përgjithshem | UBT - Ferizaj | UBT - Ferizaj | Koleksioni i përgjithshem | 05/27/2014 | 87(495)(45) GRE | 003000543 | 05/27/2014 | Books | ||||||
| Koleksioni i përgjithshem | UBT - Ferizaj | UBT - Ferizaj | Koleksioni i përgjithshem | 05/27/2014 | 87(495)(45) GRE | 003000544 | 05/27/2014 | Books | ||||||
| Koleksioni i përgjithshem | UBT - Ferizaj | UBT - Ferizaj | Koleksioni i përgjithshem | 05/27/2014 | 87(495)(45) GRE | 003000545 | 05/27/2014 | Books |